Statistiques concernant Grands départements bordant de petits départements

Cliquez ici pour prendre le quiz!

Statistiques générales

  • Ce quiz a été pris 388 fois
  • Le résultat moyen est 11 sur 15

Statistiques - réponses

Département% Correct
Seine-et-Marne
83%
Territoire de Belfort
83%
Yvelines
83%
Seine-Saint-Denis
81%
Essonne
80%
Haut-Rhin
80%
Val-d'Oise
79%
Hauts-de-Seine
78%
Val-de-Marne
78%
Doubs
76%
Oise
74%
Vosges
70%
Eure
65%
Haute-Saône
63%
Loiret
61%

Distribution des résultats

Percentile par nombre de réponses

% des personnes avec chaque résultat

Votre développement - résultats

Vous n’avez pas pris ce quiz